Дневники: В 2-х кн.; Черные тетради; Воображаемое; Черная книжка; Серый блокнот; Варшавский дневник.; Кн. 2

Bibliographic Details
Main Author: Гиппиус Зинаида Николаевна
Language:Russian
Published: Москва, Интелвак, 1999
Subjects:
Format: Book
KOHA link:https://koha.lib.tpu.ru/cgi-bin/koha/opac-detail.pl?biblionumber=29492

MARC

LEADER 00000nam0a2200000 4500
001 29492
005 20231030203503.0
010 |a 5932640073 
035 |a (RuTPU)RU\TPU\book\29757 
035 |a BOOK00000051 
090 |a 29492 
100 |a 20011209d1999 u y0rusy50 ca 
101 0 |a rus 
102 |a RU 
105 |a  000ay 
200 1 |a Дневники  |e В 2-х кн.; Черные тетради; Воображаемое; Черная книжка; Серый блокнот; Варшавский дневник.  |f З. Н. Гиппиус  |h Кн. 2 
210 |a Москва  |c Интелвак  |d 1999 
215 |a 720 с. 
327 0 |a Содерж.: Черные тетради; Воображаемое; Черная книжка; Серый блокнот; Варшавский дневник.... 
610 1 |a дневники 
610 1 |a мемуары 
675 |a Р1  |v 3 
700 1 |a Гиппиус  |g Зинаида Николаевна 
801 0 |a RU  |b 63413507  |c 20011209  |g PSBO 
942 |c BK